000 00704na a2200253 4500
001 18445
003 MIRAKIL
005 20181213155037.0
008 161118b tu 000 0
020 _a9786055252434
040 _aMilas
_btur
_cTR-AnCHP
041 _atur
082 _a700.103
_bF27 2013
090 _a700.103 F27 2013
245 _aFaşizme karşı özgür sanat
_c[derleyen] Yenikapı Tiyatrosu; C.Yunus Kara
260 _aİstanbul
_bCeylan
_c203
300 _a128 s.
_c21 sm.
440 _aCeylan yayınları
_v237
490 _aTiyatro
_v3
650 _aSanat ve siyaset
_xDerlemeler
_zTürkiye
700 _aKara, C. Yunus
710 _aYenikapı Tiyatrosu
942 _2ddc
_cBKS
999 _c5447
_d5447